000
00215nam a2200097Ia 4500
008
170619s9999 xx 000 0 und d
100
_a
Schneier Bruice
245
0
_a
Applied Cryptography
260
_b
WILEY
260
_c
2011
546
_a
ENGLISH
999
_c
19669
_d
19669